Detalles MARC
| 000 -LEADER |
| campo de control de longitud fija |
02194cam a22004454i 4500 |
| 003 - IDENTIFICADOR DE NÚMERO DE CONTROL |
| campo de control |
PE-LiUPU |
| 005 - FECHA Y HORA DE LA ÚLTIMA TRANSACCIÓN |
| campo de control |
20250731172902.0 |
| 008 - DATOS DE LONGITUD FIJA--INFORMACIÓN GENERAL |
| campo de control de longitud fija |
s2015 txta rb 001 0 eng d |
| 020 ## - NÚMERO INTERNACIONAL ESTÁNDAR DEL LIBRO |
| Número Internacional Estándar del Libro |
080103275X |
| 020 ## - NÚMERO INTERNACIONAL ESTÁNDAR DEL LIBRO |
| Número Internacional Estándar del Libro |
9780801032752 |
| 035 ## - NÚMERO DE CONTROL DEL SISTEMA |
| Número de control de sistema |
(Sirsi) a165981 |
| 040 ## - FUENTE DE CATALOGACIÓN |
| Centro catalogador/agencia de origen |
PE-LiUPU |
| 049 ## - FONDOS LOCALES (OCLC) |
| Biblioteca depositaria |
PRUA |
| 082 04 - NÚMERO DE LA CLASIFICACIÓN DECIMAL DEWEY |
| Número de clasificación |
227.4077 |
| Cutter |
O21 |
| Número de edición |
23 |
| 100 1# - ENTRADA PRINCIPAL--NOMBRE DE PERSONA |
| Nombre de persona |
Oakes, Peter, |
| Término indicativo de función/relación |
autor. |
| 245 12 - MENCIÓN DEL TÍTULO |
| Título |
Galatians / |
| Mención de responsabilidad, etc. |
Peter Oakes. |
| 264 ## - PRODUCCIÓN, PUBLICACIÓN, DISTRIBUCIÓN, FABRICACIÓN Y COPYRIGHT |
| Producción, publicación, distribución, fabricación y copyright |
Grand Rapids. Michigan : |
| Nombre del de productor, editor, distribuidor, fabricante |
Baker Academic, |
| Fecha de producción, publicación, distribución, fabricación o copyright |
2015. |
| 300 ## - DESCRIPCIÓN FÍSICA |
| Extensión |
219 páginas : |
| Otras características físicas |
ilustraciones ; |
| Dimensiones |
23 centimetros. |
| 336 ## - TIPO DE CONTENIDO |
| Término de tipo de contenido |
text |
| Fuente |
rdacontent |
| 337 ## - TIPO DE MEDIO |
| Nombre/término del tipo de medio |
unmediated |
| Fuente |
rdamedia |
| 338 ## - TIPO DE SOPORTE |
| Nombre/término del tipo de soporte |
volume |
| Fuente |
rdacarrier |
| 504 ## - NOTA DE BIBLIOGRAFÍA, ETC. |
| Nota de bibliografía, etc. |
Bibliografía : páginas 195-204. |
| 505 04 - NOTA DE CONTENIDO CON FORMATO |
| Nota de contenido con formato |
Machine generated contents note: |
| Título |
Galatians 1:1 -- 10 -- |
| -- |
Letter Opening -- |
| -- |
Galatians 1:11 -- 24 -- |
| -- |
Narrative 1: Of a Gospel Revealed by God, Not People -- |
| -- |
Galatians 2:1 -- 10 -- |
| -- |
Narrative 2: Of a Gospel Affirmed by Unity at Jerusalem -- |
| -- |
Galatians 2:11 -- 21 -- |
| -- |
Narrative 3: Of a Gospel Betrayed by Division at Antioch -- |
| -- |
Galatians 3:1 -- 14 -- |
| -- |
Argument 1: For Blessing in Christ through Trust -- |
| -- |
galatians 3:15 -- 29 -- |
| -- |
Argument 2: For Unity in Christ -- |
| -- |
Galatians 4:1 -- 11 -- |
| -- |
Argument 3: Against Returning to Slavery -- |
| -- |
Galatians 4:12 -- 20 -- |
| -- |
Instructions with Argument 1: "Be like Me" -- |
| -- |
Galatians 4:21 -- 5:13a -- |
| -- |
Instructions with Argument 2: "Do Not Be Subject Again to ... Slavery" -- |
| -- |
Galatians 5:13b -- 6:10 -- |
| -- |
Instructions with Argument 3: "Through Love Be Slaves to One Another" -- |
| -- |
Galatians 6:11 -- 18 -- |
| -- |
Letter Closing. |
| 526 ## - NOTA DE INFORMACIÓN SOBRE EL PROGRAMA DE ESTUDIO |
| Nombre del programa |
Segunda Especialidad En Profecías Bíblicas |
| 526 ## - NOTA DE INFORMACIÓN SOBRE EL PROGRAMA DE ESTUDIO |
| Nombre del programa |
Segunda Especialidad En Nuevo Testamento |
| 526 ## - NOTA DE INFORMACIÓN SOBRE EL PROGRAMA DE ESTUDIO |
| Nombre del programa |
Segunda Especialidad En Antiguo Testamento |
| 526 ## - NOTA DE INFORMACIÓN SOBRE EL PROGRAMA DE ESTUDIO |
| Nombre del programa |
Segunda Especialidad En Estudios Adventistas |
| 526 ## - NOTA DE INFORMACIÓN SOBRE EL PROGRAMA DE ESTUDIO |
| Nombre del programa |
Doctorado en teología |
| 526 ## - NOTA DE INFORMACIÓN SOBRE EL PROGRAMA DE ESTUDIO |
| Nombre del programa |
Maestría en teología histórica |
| 526 ## - NOTA DE INFORMACIÓN SOBRE EL PROGRAMA DE ESTUDIO |
| Nombre del programa |
Maestría en teología bíblica |
| 526 ## - NOTA DE INFORMACIÓN SOBRE EL PROGRAMA DE ESTUDIO |
| Nombre del programa |
Maestría en teología |
| 526 ## - NOTA DE INFORMACIÓN SOBRE EL PROGRAMA DE ESTUDIO |
| Nombre del programa |
Maestría en misionología |
| 526 ## - NOTA DE INFORMACIÓN SOBRE EL PROGRAMA DE ESTUDIO |
| Nombre del programa |
Maestría en liderazgo eclesiástico |
| 526 ## - NOTA DE INFORMACIÓN SOBRE EL PROGRAMA DE ESTUDIO |
| Nombre del programa |
Teología |
| 596 ## - |
| -- |
1 |
| 630 ## - PUNTO DE ACCESO ADICIONAL DE MATERIA--TÍTULO UNIFORME |
| Título uniforme |
Biblia, |
| Nombre de parte o sección de la obra |
N.T. |
| -- |
Gálatas |
| Subdivisión de forma |
Comentarios. |
| 942 ## - ELEMENTOS DE ENTRADA SECUNDARIOS (KOHA) |
| Fuente del sistema de clasificación o colocación |
Clasificación Decimal Dewey |
| Tipo de ítem Koha |
|
| 999 ## - NÚMEROS DE CONTROL DE SISTEMA (KOHA) |
| -- |
LC |
| -- |
75541 |
| -- |
2017-6-14 |
| -- |
2021-11-9 |
| -- |
7 |
| -- |
CCODEBUL1 |
| -- |
BUL |
| -- |
1 |
| -- |
22.00 |
| -- |
1 |
| -- |
0 |
| -- |
Y |
| -- |
BOOK |
| -- |
2017-1-11 |
| -- |
TEOLOGIA |
| -- |
P85 |
| -- |
COMPRA |
| -- |
.STAFF. Colección Teología |
| 980 ## - EQUIVALENCIA O REFERENCIA-CRUZADA-MENCIÓN DE SERIE--NOMBRE DE PERSONA/TÍTULO [LOCAL, CANADÁ] |
| ID del último usuario que modificó el registro |
1 |
| Nombre del último usuario que modificó el registro |
ALBERTO SANCHEZ Responsable de Automatización |